| 000 | 00839nam a2200241Ia 4500 | ||
|---|---|---|---|
| 003 | OSt | ||
| 005 | 20220930080935.0 | ||
| 006 | a|||||r|||| 00| 0 | ||
| 007 | ta | ||
| 008 | 220926b |||||||| |||| 00| 0 eng d | ||
| 024 | _a100002 | ||
| 037 | _cTheses | ||
| 040 |
_aCRL _cCRL _beng |
||
| 041 |
_2eng _aeng |
||
| 100 |
_aPandey Vibha _9540246 |
||
| 110 |
_aUniversity of Delhi. Facaulty of Science. Department of Botany _9540247 |
||
| 245 | 0 | _aBioprospecting of spilanthes species - micropropagation and biossay guided isolation of larvicidal compounds against malaria and filarial vectors | |
| 650 | _aBOTANY | ||
| 700 |
_a Dr. Veena Agrawal Gu. _9535363 |
||
| 700 |
_aUniversity of Delhi. Facaulty of Science. Department of Botany _9540248 |
||
| 942 |
_cDIS _2CC |
||
| 999 |
_c870690 _d870690 |
||